Sports Quiz

Random Sports or WWE Quiz

Pro Wrestlers: Real Name or Not? Quiz Stats

Quiz Updated Mar 12, 2015

Challenge
Share
Tweet
Embed
Score 0/70 Timer 08:00
6 Plays Today
Wrestler (R)eal or (S)tage? % Correct
Vince McMahon???
79.7%
Brock Lesnar???
76.9%
Randy Orton???
75.6%
Bret Hart???
75.2%
John Cena???
75.2%
Eddie Guerrero???
74.9%
Mark Henry???
74.1%
Chris Benoit???
73.9%
Bill Goldberg???
73.8%
Kurt Angle???
73.8%
Mick Foley???
73.6%
Jerry Lawler???
72.8%
Molly Holly???
72.3%
Hunter Hearst Helmsley???
71.2%
Kevin Nash???
71%
Curt Hennig???
70.1%
Alundra Blayze???
69.8%
Scott Hall???
69.7%
Bob Backlund???
68.3%
Lex Luger???
67.9%
Christian Cage???
67.8%
Jim Neidhart???
67.6%
John (Bradshaw) Layfield???
66.7%
Gene Okerlund???
65.6%
Jeff Jarrett???
65%
Austin Aries???
64.6%
Randy Savage???
64.5%
Ricky Steamboat???
64%
Alberto Del Rio???
63.6%
Tommy Dreamer???
63.4%
A.J. Styles???
63%
Roddy Piper???
62.9%
Zack Ryder???
61.6%
Brian Kendrick???
61.5%
Vladimir Kozlov???
61%
Wrestler (R)eal or (S)tage? % Correct
Al Snow???
60.9%
Tyson Kidd???
59.9%
Pedro Morales???
58.8%
John Morrison???
58.2%
Ivan Koloff???
57.3%
Jimmy Hart???
57.1%
Shawn Michaels???
56.7%
Wade Barrett???
56.1%
Terry Funk???
56.1%
Chris Jericho???
55.9%
Terry Gordy???
54.8%
William Regal???
53.9%
Marty Jannetty???
53.3%
Dusty Rhodes???
53.3%
Lou Albano???
52.5%
Trish Stratus???
51.8%
George Steele???
51.7%
Steve Austin???
51.1%
Tully Blanchard???
50.9%
Paul London???
50.9%
Don Muraco???
50.5%
Greg Valentine???
50%
Mickie James???
48.7%
Fritz Von Erich???
47.5%
Harley Race???
46.9%
Jimmy Snuka???
46.2%
Arn Anderson???
43.4%
Billy Graham???
42.8%
Michelle McCool???
42.4%
Bobby Roode???
41.1%
Jake Roberts???
39.2%
Jesse Ventura???
38.1%
Dean Malenko???
37%
Michael Hayes???
36.9%
Pat Patterson???
34.1%

You're not logged in!

Compare scores with friends on all Sporcle quizzes.
Sign Up with Email
OR
Log In

You Might Also Like...

Show Comments

Extras

Top Quizzes Today


Score Distribution

Your Account Isn't Verified!

In order to create a playlist on Sporcle, you need to verify the email address you used during registration. Go to your Sporcle Settings to finish the process.

Report this User

Report this user for behavior that violates our Community Guidelines.

Details: